Lets in the city (Record no. 80614)

MARC details
000 -LEADER
fixed length control field 01081cab a22001815a 4500
001 - CONTROL NUMBER
control field L144850
008 - FIXED-LENGTH DATA ELEMENTS--GENERAL INFORMATION
fixed length control field 080813s2008 xxko f 000 0 eng d
035 ## - SYSTEM CONTROL NUMBER
System control number (Sirsi) u144850
041 0# - LANGUAGE CODE
Language code of text/sound track or separate title eng
245 00 - TITLE STATEMENT
Title Lets in the city
260 ## - PUBLICATION, DISTRIBUTION, ETC.
Date of publication, distribution, etc. 2008
490 ## - SERIES STATEMENT
Series statement Agreement
Volume/sequential designation 15(4) August 2008, 34-35(2)
520 ## - SUMMARY, ETC.
Summary, etc. Looks at city centre lettings in light of the current economic downturn. States that the lettings market is growing as the residential sales market falls - a result of buyers waiting to see how low the market will fall and changing demographics. Letting agents are reporting increased activity as a new generation of 'accidental' landlords chose to let out their properties in the hope of future price rises. The article also explores the rise in short term lets of quality property and looks at the new trend of receivers appointing management agencies to let out properties reclaimed as a result of breaches of mortgage agreements.
650 24 - SUBJECT ADDED ENTRY--TOPICAL TERM
Topical term or geographic name entry element CREDIT CRUNCH
651 #4 - SUBJECT ADDED ENTRY--GEOGRAPHIC NAME
Geographic name United Kingdom
Chronological subdivision
690 ## - LOCAL SUBJECT ADDED ENTRY--TOPICAL TERM (OCLC, RLIN)
Topical term or geographic name as entry element PROPERTY-PROPERTY MANAGEMENT-MANAGING AGENTS
942 ## - ADDED ENTRY ELEMENTS (KOHA)
Suppress in OPAC 0
Holdings
Withdrawn status Lost status Source of classification or shelving scheme Damaged status Not for loan Home library Current library Shelving location Date acquired Total Checkouts Full call number Barcode Date last seen Copy number Price effective from Koha item type
    Dewey Decimal Classification     London London Journal article 13/08/2008   L144850 144850-1001 06/08/2019 1 06/08/2019 Journal article